| 000 | 01066nac a22003257a 4500 | ||
|---|---|---|---|
| 001 | BR0304314 | ||
| 003 | BR-BrBNA | ||
| 005 | 20240105122852.0 | ||
| 008 | 230509b bl.|||m| |||| 00| 0 por d | ||
| 040 |
_aBR-BrBNA _bpor _cBiblioteca Nacional de Agricultura |
||
| 072 | _aT01 | ||
| 090 | _aT01 BR0304314 | ||
| 100 | 1 | _aMotta, R.S. da | |
| 110 | 1 |
_aInstituto de Pesquisa Econômica Aplicada, Rio de Janeiro, RJ (Brasil) _96126 |
|
| 245 | 1 | _aOs impactos ambientais industriais da ALCA no Brasil | |
| 260 | 3 |
_aRio de Janeiro, RJ (Brasil): _c2003. |
|
| 300 | _a40 p. | ||
| 490 |
_aTexto para Discussão - Instituto de Pesquisa Econômica Aplicada (Brazil) _vno. 962 _xISSN 1415-4765 |
||
| 500 | _aSummaries (En, Pt); 21 tables; 32 ref. | ||
| 650 | _aPOLUIÇÃO AMBIENTAL | ||
| 650 | _aIMPACTO AMBIENTAL | ||
| 650 | _aPOLÍTICA AMBIENTAL | ||
| 650 | _aRESÍDUO | ||
| 650 | _aSUBSTÂNCIA TÓXICA | ||
| 650 | _aINDÚSTRIA | ||
| 650 | _aREGULAMENTAÇÃO | ||
| 650 | _aALCA | ||
| 909 |
_a202312 _bLúcia Elande _c55 _dLúcia Elande |
||
| 942 |
_2AGRIS _n0 _cMS |
||
| 999 |
_c293119 _d293119 |
||